000 00466nam a2200205Ia 4500
003 0100
008 130303s9999 xx 000 0 und d
040 _cARRUPELIB
050 _aDT3058.T65B882 1968
100 _aBrowne, Liam
245 4 _aThe Plateau Tonga
245 _ban introduction
260 _aCilala Ntambo
260 _bPrivate
260 _C1968
300 _a290p.
300 _b 26cm.
650 _bMarriage - Canon law
942 _2lcc
_010
999 _c62923
_d62923